00400nam a22001217a 4500020001600000082001200016100001900028245009700047260003700144300003100181650003800212700002800250 qHard Cover. a620.005 aKhalid, Adnan  aScope of Cloud Computing using Supply Chain Management for SMEs of Pakistan /cAdnan Khalid, aIslamabad :bCEME - NUST,c2013. axii, 87 p. : ill. ;c30cm. aEngineering Management-MS-Thesis. aDr. Akhtar Nawaz Malik.